| 000 | 01066nam a2200241Ia 4500 | ||
|---|---|---|---|
| 003 | OSt | ||
| 005 | 20201005133423.0 | ||
| 008 | 191128s1980 ck a gr 000 0dspa d | ||
| 040 |
_aCO-JMCR _cCO-JMCR |
||
| 041 | 0 | _aspa | |
| 082 | 0 | 4 |
_a980 / _bC112a _223 |
| 100 | 1 |
_aCaballero Escovar, Enríque, _eautor _911205 |
|
| 245 | 1 | 0 |
_aAmérica una equivocación / _cEnríque Caballero Escovar |
| 260 |
_aBogotá : _bPluma, _c1980 |
||
| 300 |
_a269 páginas, [7] láminas sin numerar : _bilustraciones a blanco y negro ; _c22 cm. |
||
| 490 | 0 | _aColección temas políticos y sociales | |
| 500 | _aIncluye datos biográficos del autor en solapa. | ||
| 504 | _aBibliografía: páginas 265-269 | ||
| 505 | 0 | _aLas ideas del mundo antiguo sobre la tierra -- Las fantasmagorías a la hoguera y la retracción de Galileo -- América una equivocación -- El papa debía estar borracho -- Metamorfosis de los descubridores en conquistadores | |
| 651 | 4 |
_aAmérica _xhistoria _911206 |
|
| 651 | 4 |
_aAmérica _vdescubrimiento y exploraciones _xespañoles _911207 |
|
| 942 |
_2ddc _cBK |
||
| 999 |
_c6257 _d6257 |
||